| 000 | 00538nam a22001697a 4500 | ||
|---|---|---|---|
| 999 |
_c8545 _d8545 |
||
| 008 | 201202b ||||| |||| 00| 0 eng d | ||
| 040 | _aBMS College of Architecture | ||
| 100 | _aMurthy, S Nandhini | ||
| 245 | _aShathayuvana - geriatric holistic wellness centre | ||
| 300 | _a49p. | ||
| 500 | _a1BM13AT044 | ||
| 502 |
_8B,Arch _NBMS College of Architecture, Visvesvaraya Technological University (VTU) _aProject report _d2017 |
||
| 650 | _aNA | ||
| 700 |
_aPraveen Upadhyay _eGuide |
||
| 700 |
_aSayee Deodar _eGuide |
||
| 942 |
_2ddc _cTHE |
||